| 000 | 00510cam a2200169 a 4500 | ||
|---|---|---|---|
| 020 | _a041591261X (acidfree paper) | ||
| 020 | _a0415912628 (pbk. : acidfree paper) | ||
| 082 | 0 | 0 |
_a277.3/082 _bBOU |
| 100 | 1 | _aBounds, Elizabeth M., | |
| 245 | 1 | 0 | _aComing together/coming apart : |
| 260 |
_aNew York : _bRoutledge, _c1997. |
||
| 300 | _a184 p. ; | ||
| 650 | 0 | _aLiberalism (Religion) | |
| 650 | 0 | _aLiberalism (Religion) | |
| 856 | 4 | 2 | _uhttp://www.loc.gov/catdir/enhancements/fy0651/95026368-d.html |
| 942 | _cBK | ||
| 999 |
_c23413 _d23413 |
||